| 000 | 01337nam a2200349 c 4500 | ||
|---|---|---|---|
| 001 | 58152 | ||
| 003 | CO-BoRNBP | ||
| 005 | 20250819195338.0 | ||
| 007 | ta | ||
| 008 | 200407s2005 ck a jrf 000 0 spa d | ||
| 020 | _a9587092309 | ||
| 040 |
_aCO-BoRNBP _bspa _erda _cCO-BoRNBP |
||
| 041 | 0 | _aspa | |
| 082 | 0 | 4 |
_a646.2 _bM15m _222 |
| 100 |
_aCarranco Trujillo, Marisol _eaut _962569 |
||
| 245 | 1 | 0 |
_aManual de costura, 1 : _bguía práctica paso a paso / _cMarisol Carranco Trujillo. |
| 250 | _aPrimera edición | ||
| 264 | 1 |
_aBogotá, Colombia : _bCírculo de Lectores, _c2005 |
|
| 300 |
_a160 páginas : _bilustraciones |
||
| 336 |
_atexto _btxt _2rdacontent |
||
| 337 |
_asin mediación _bn _2rdamedia |
||
| 338 |
_avolumen _bnc _2rdacarrier |
||
| 500 | _aSubtítulo tomado de la carátula | ||
| 505 | 0 |
_tIntroducción _tÚtiles y herramientas _tMoldes _tTelas, hilos y complementos _tPuntos básicos _tCosturas _tEntretelas y forros _tPinzas, alforzas, tablas y frunces _tEscotes _tCuellos |
|
| 521 | 1 | _aRecomendado para un público mayor de 12 años | |
| 650 | 0 | 7 |
_aCorte y confección _vmanuales _2lemb _962570 |
| 650 | 0 | 7 |
_aCostura _vmanuales _2LEMB _962571 |
| 650 | 0 | 7 |
_aManuales de hágalo usted mismo _2lemb _962572 |
| 650 | 0 | 7 |
_aTrabajos manuales (educacion) _2lemb |
| 655 |
_aManuales, vademécum, etc _9324726 |
||
| 942 |
_2ddc _cBK |
||
| 999 |
_c58152 _d58152 |
||